Norma chilena oficial: madera, construcciones en madera, cálculo
Guardat en:
| Autor corporatiu: | |
|---|---|
| Format: | Llibre |
| Idioma: | espanyol |
| Publicat: |
Santiago
Instituto Nacional de Normalización
1991
|
| Edició: | 2a. ed |
| Matèries: | |
| Etiquetes: |
Afegir etiqueta
Sense etiquetes, Sigues el primer a etiquetar aquest registre!
|
MARC
| LEADER | 00000nam a2200000 a 4500 | ||
|---|---|---|---|
| 001 | UCS1877 | ||
| 003 | CL-VaPUC | ||
| 008 | 970516e19910000CL |||||||||||||||||spa|d | ||
| 082 | 0 | 4 | |a 691 |b INS |2 21 |
| 110 | 2 | |a Instituto Nacional de Normalización |e author |9 386735 | |
| 245 | 1 | 0 | |a Norma chilena oficial: madera, construcciones en madera, cálculo |
| 250 | |a 2a. ed | ||
| 300 | |a 1991 p | ||
| 942 | |c BK | ||
| 945 | |d 19970516 00:00:00 |a amoreno | ||
| 260 | |a Santiago |b Instituto Nacional de Normalización |c 1991 | ||
| 650 | 0 | |a Madera |9 262357 | |
| 650 | 0 | |a Materiales de construcción |9 260197 | |
| 650 | 0 | |a Estructuras |9 271908 | |
| 650 | 7 | |a CALCULO ESTRUCTURAL |2 CL-VaPUC |9 381379 | |
| 650 | 0 | |a Diseño de estructuras |9 260345 | |
| 650 | 7 | |a REQUISITOS |2 CL-VaPUC |9 381381 | |
| 650 | 0 | |a Edificios |9 260501 | |
| 650 | 0 | |a Elementos estructurales |9 350100 | |
| 650 | 0 | |a Normalización |9 262666 | |
| 583 | |a last modification |c 19970516 00:00:00 |k Rodrigo Vera | ||
| 999 | |c 259906 |d 259904 | ||
| 952 | |0 0 |1 0 |4 0 |6 691_000000000000000_INS_1991 |7 0 |8 X |9 285420 |a BIBING |b BIBING |d 2019-11-19 |i 3289001 |o 691 INS 1991 |p 3289001 |r 2025-01-20 |w 2019-11-19 |y BK_X |k CCL | ||